I Feel Like I’m Drowning - Two Feet - All Lyrics - Statistics

General Stats
  • This quiz has been taken 9 times
  • The average score is 133 of 195
Answer Stats
Answer % Correct
drowning
100%
feel
100%
I
100%
I'm
100%
like
100%
a
89%
me
89%
oh-no
89%
You
89%
you
89%
the
78%
Yeah,
78%
yeah
78%
your
78%
for
67%
holding
67%
it's
67%
know
67%
so
67%
You're
67%
you're
67%
and
56%
And
56%
do
56%
down
56%
just
56%
Just
56%
killing
56%
my
56%
My
56%
not
56%
say
56%
slow,
56%
that,
56%
they
56%
When
56%
when
56%
All
44%
all
44%
dark
44%
dreaming
44%
friends
44%
keep
44%
leaving
44%
plastic
44%
poison
44%
scheming
44%
that's
44%
truth
44%
what
44%
around
33%
depleting
33%
don't
33%
gonna
33%
hell
33%
life's
33%
looks
33%
okay,
33%
okay
33%
start
33%
suspicious
33%
think
33%
tragic
33%
vicious
33%
No matching quizzes found
Score Distribution
Percent of People with Each Score
Percentile by Number Answered
Your Score History
You have not taken this quiz